Responses for show #7493 - Wednesday, March 22, 2017

Contestants

[<< previous game]

Emlen Smith, a college professor from Lafayette, Indiana

Madeline Wilson, a writer from Akron, Ohio

Kevin Shrum, a retired adjunct professor from Fort Collins, Colorado (whose 1-day cash winnings total $17,200)

[next game >>]

Jeopardy! Round responses

PROFILE PICTURES
THE "ANTI"-CATEGORY
THE HUMAN BODY
CLASSIC TV CHARACTERS
LE RESTAURANT SPLENDIDE
JACKET REQUIRED
    $200 15
Dante

Kevin
    $200 1
an anticlimax

Kevin
    $200 4
the elbow

Kevin
    $200 7
Charlie's Angels

Kevin
    $200 8
hot dogs

Emlen
    $200 22
a blazer

Emlen
    $400 18
Ophelia

Madeline
    $400 2
the Antichrist

Kevin
    $400 13
(Madeline: What are rods?)

cones

Madeline
Triple Stumper
    $400 25
ER

Kevin
    $400 9
a Twinkie

Kevin
    $400 23
(Alex: Less than a minute now.)

books

Emlen
    $600 19
(Paul) Gauguin

Emlen
    $600 3
antiballistic

Emlen
    $600 14
the Achilles tendon

Kevin
    $600 26
Angie Dickinson

Kevin
    $600 10
potato chips

Kevin
    $600 24
a life jacket

Kevin
    $800 20
(Alex: And that lovely lady is [*]. Nobody's afraid of her anymore.)

Virginia Woolf

Triple Stumper
    $800 5
anti-choice

Madeline
    $2,000 16
the diaphragm

Kevin
    $800 27
Urkel

Madeline
    $800 11
(Emlen: What is a peanut butter sandwich? [*]?)
(Alex: Yes. Good thing you added the jelly!)

a peanut butter and jelly sandwich

Emlen
    $800 29
a bullet

Emlen
    $1000 21
Renoir

Triple Stumper
    $1000 6
an anticoagulant

Kevin
    $1000 17
the spinal cord

Emlen
    $1000 28
Friday Night Lights

Triple Stumper
    $1000 12
macaroni & cheese

Madeline
    $1000 30
My Morning Jacket

Emlen

Scores at the first commercial break (after clue 15):

Kevin Madeline Emlen
$3,800 $1,400 $1,600

Scores at the end of the Jeopardy! Round:

Kevin Madeline Emlen
$7,400 $2,600 $5,600

Double Jeopardy! Round responses

POSTHUMOUS PUBLISHING
BOLD GOERS
RHYMES WITH SQUAT
TELECOMMUNICATIONS
JAZZ
HIDDEN U.K. CITIES
(Alex: There will be some [*] to be found in the clue.)
    $400 1
Tolkien

Emlen
    $400 6
Greenland

Emlen
    $400 8
trot

Emlen
    $400 7
access

Triple Stumper
    $400 26
(Ella) Fitzgerald

Kevin
    $400 13
(Alex: Box for dolls, good.)

Oxford

Madeline
    $800 2
(Carl) Sagan

Kevin
    $800 22
Hillary

Madeline
    $800 9
a subplot

Kevin
    $800 18
bytes (or bits)

Kevin
    $800 27
(Madeline: Who is Kevin Eubanks?)

Branford Marsalis

Madeline
Triple Stumper
    $800 14
Belfast

Kevin
    $1200 3
(Joseph) Heller

Emlen
    $1200 23
a balloon

Kevin
    $1200 10
a kumquat

Madeline
    $3,000 19
(Kevin: What is an internet café?)

a phone booth

Kevin
    $1200 28
[The end-of-round signal sounds.]

the clarinet

Kevin
    $1200 15
(Alex: Pa Isley. We fooled you on that one, I think.)

Paisley

Triple Stumper
    $1600 4
the golden gun

Emlen
    $1600 24
(Alex: With less than a minute now.)

Jacques Cartier

Triple Stumper
    $1600 11
scattershot

Emlen
    $1600 20
FaceTime

Triple Stumper
    $1600 16
Cardiff

Emlen
    $2000 5
Nietzsche

Kevin
    $2000 25
the "Empty Quarter" (or the Rub' al Khali)

Triple Stumper
    $3,000 12
(Alex: Uther Pendragon, father of King Arthur.)

Camelot

Emlen
    $2000 21
(Emlen: What is Caller ID?)
(Alex: Be more specific.)
(Emlen: Uh...)

trace

Emlen
Triple Stumper
    $2000 17
(Alex: Under Byron.)

Derby

Emlen

Scores at the end of the Double Jeopardy! Round:

Kevin Madeline Emlen
$12,400 $4,200 $15,800

[wagering suggestions for these scores]

Final Jeopardy! Round responses

BUSINESS
(Alex: [To Kevin] On the 31st day of the month, they offer their ice cream scoops for $1.31.)
MadelineWhat is Thirty One?
$2,600
KevinWhat is Baskin Robbins?
$3,900
EmlenWhat is 31 Club
$9,001
Baskin-Robbins

Final scores:

Kevin Madeline Emlen
$16,300 $1,600 $6,799
2-day champion: $33,500 3rd place: $1,000 2nd place: $2,000

Game dynamics:

Coryat scores:

Kevin Madeline Emlen
$14,200 $4,200 $14,800
21 R
(including 1 DD),
1 W
(including 1 DD)
7 R,
2 W
18 R
(including 1 DD),
1 W

Combined Coryat: $33,200

The J! Archive is created by fans, for fans. The Jeopardy! game show and all elements thereof, including but not limited to copyright and trademark thereto, are the property of Jeopardy Productions, Inc. and are protected under law. This website is not affiliated with, sponsored by, or operated by Jeopardy Productions, Inc. Join the discussion at JBoard.tv.